Dutch Villages - Statistics

General Stats
  • This quiz has been taken 113 times
  • The average score is 4 of 12
Answers on the Grid
Answers color-coded by a green-red scale on the quiz's grid according to % correct below.
Lutjebroek
Zuurdijk
Bitsingen
Sliedrecht
Kerken
Arkel
America
Welkom
Stroe
Sluiskil
Malle
Springbok
Vlagtwedde
Ouwe syl
Lengel
Maaseik
Neeritter
Balen
Oudenburg
Oudelande
 
Answer Stats
Answer % Correct
America
59%
Lutjebroek
59%
Sliedrecht
59%
Stroe
41%
Arkel
32%
Zuurdijk
32%
Oudelande
19%
Vlagtwedde
16%
Lengel
14%
Sluiskil
14%
Ouwe syl
8%
Neeritter
5%
No matching quizzes found
Score Distribution
Percent of People with Each Score
Percentile by Number Answered
Your Score History
You have not taken this quiz